000 00649nam a2200265Ia 4500
005 20260121170919.0
008 008 260114s9999 xx 000 0 eng d
020 _a9783030026042
037 _aEBOOK
040 _aCRL
040 _beng
040 _cCRL
041 _2eng
041 _aeng
084 _qCRL
100 _aRamin Takloo-Bighash
_91069715
245 2 _aA Pythagorean Introduction to Number Theory
260 _bSpringer
260 _bSpringer
260 _c2018
856 _uhttps://link.springer.com/openurl?genre=book&isbn=978-3-030-02604-2
942 _cEBOOK
999 _c1635445
_d1635445